[Event "35th European Club Cup 2019"]
[Site "Ulcinj"]
[Date "2019.11.10"]
[Round "1.17"]
[White "Vuckovic, Marko"]
[Black "Babula, Vlastimil"]
[Result "0-1"]
[WhiteElo "2054"]
[BlackElo "2572"]
[Annotator "ChessBase"]
[PlyCount "58"]
[EventDate "2019.11.10"]
[EventType "team-tourn"]
[EventCountry "MNE"]
[SourceTitle "playchess.com"]
[Source "ChessBase"]
[SourceQuality "1"]
[WhiteTeam "Buducnost"]
[BlackTeam "Novy Bor"]
[TimeControl "40/5400+30:1800+30"]

1. e4 {[%emt 0:00:00]} c5 {[%emt 0:00:00]} 2. Nf3 {[%emt 0:00:00]} e6 {[%emt 0:00:03]} 3. d4 {[%emt 0:00:11]} cxd4 {[%emt 0:00:06]} 4. Nxd4 {[%emt 0:00:24]} a6 {[%emt 0:00:27]} 5. Nc3 {[%emt 0:00:37]} Qc7 {[%emt 0:00:57]} 6. g3 {[%emt 0:00:56]} Nc6 {[%emt 0:07:21]} 7. Bg2 {[%emt 0:03:55]} Nge7 {[%emt 0:03:14]} 8. O-O {[%emt 0:09:59]} Nxd4 {[%emt 0:01:18]} 9. Qxd4 {[%emt 0:00:04]} Nc6 {[%emt 0:00:21]} 10. Qd2 {[%emt 0:09:17]} Be7 {[%emt 0:14:50]} 11. b3 {[%emt 0:01:53]} O-O {[%emt 0:01:29]} 12. Bb2 {[%emt 0:00:25]} d6 {[%emt 0:01:30]} 13. Nd1 {[%emt 0:06:09]} b5 {[%emt 0:09:03]} 14. Ne3 {[%emt 0:01:45]} Bb7 {[%emt 0:00:39]} 15. f4 {[%emt 0:03:11]} Rfd8 {[%emt 0:02:13]} 16. Kh1 {[%emt 0:04:40]} Rac8 {[%emt 0:00:25]} 17. Rac1 {[%emt 0:00:19]} Qb8 {[%emt 0:05:32]} 18. Qe2 {[%emt 0:10:28]} Qa7 {[%emt 0:18:02]} 19. Rfe1 {[%emt 0:09:00]} Bf8 {[%emt 0:03:59]} 20. c4 {[%emt 0:07:32]} bxc4 {[%emt 0:04:25]} 21. Nxc4 {[%emt 0:00:14]} a5 {[%emt 0:01:32]} 22. Red1 {[%emt 0:01:41]} a4 {[%emt 0:05:03]} 23. Qg4 {[%emt 0:03:17]} Nb4 {[%emt 0:04:36]} 24. a3 {[%emt 0:04:47]} Na2 {[%emt 0:01:57]} 25. Ra1 {[%emt 0:00:15]} axb3 {[%emt 0:00:38]} 26. Nxd6 {[%emt 0:00:51]} Rxd6 {[%emt 0:05:01]} 27. Rxd6 {[%emt 0:00:17]} Qf2 {[%emt 0:01:56]} 28. Be5 {[%emt 0:07:01]} Rc2 {[%emt 0:02:10]} 29. Rg1 {[%emt 0:00:58]} Bxe4 {[%emt 0:00:37]} 0-1

[Event "35th European Club Cup 2019"]
[Site "Ulcinj"]
[Date "2019.11.10"]
[Round "1.18"]
[White "Kriebel, Tadeas"]
[Black "Sukovic, Darko"]
[Result "1-0"]
[WhiteElo "2516"]
[BlackElo "1991"]
[Annotator "ChessBase"]
[PlyCount "61"]
[EventDate "2019.11.10"]
[EventType "team-tourn"]
[EventCountry "MNE"]
[SourceTitle "playchess.com"]
[Source "ChessBase"]
[SourceQuality "1"]
[WhiteTeam "Novy Bor"]
[BlackTeam "Buducnost"]
[TimeControl "40/5400+30:1800+30"]

1. Nf3 {[%emt 0:00:00]} Nf6 {[%emt 0:00:00]} 2. c4 {[%emt 0:00:00]} e6 {[%emt 0:00:08]} 3. g3 {[%emt 0:00:00]} Be7 {[%emt 0:00:38]} 4. Bg2 {[%emt 0:00:05]} O-O {[%emt 0:00:44]} 5. O-O {[%emt 0:00:10]} d5 {[%emt 0:02:35]} 6. d4 {[%emt 0:01:49]} c5 {[%emt 0:09:20]} 7. cxd5 {[%emt 0:04:14]} exd5 {[%emt 0:00:25]} 8. dxc5 {[%emt 0:00:14]} Bxc5 {[%emt 0:00:20]} 9. a3 {[%emt 0:00:08]} a5 {[%emt 0:12:01]} 10. Nc3 {[%emt 0:00:28]} h6 {[%emt 0:03:15]} 11. Bf4 {[%emt 0:02:13]} Nc6 {[%emt 0:04:29]} 12. Rc1 {[%emt 0:03:34]} Be6 {[%emt 0:07:01]} 13. Ne5 {[%emt 0:13:18]} Ba7 {[%emt 0:09:01]} 14. Nb5 {[%emt 0:11:15]} Bb8 {[%emt 0:19:33]} 15. Nxc6 {[%emt 0:01:43]} bxc6 {[%emt 0:00:13]} 16. Bxb8 {[%emt 0:00:48]} Qxb8 {[%emt 0:05:44]} 17. Nd4 {[%emt 0:00:06]} Qxb2 {[%emt 0:04:27]} 18. Qd3 {[%emt 0:00:10]} c5 {[%emt 0:07:23]} 19. Rxc5 {[%emt 0:01:26]} Rfc8 {[%emt 0:01:10]} 20. Nc6 {[%emt 0:11:37]} Rc7 {[%emt 0:04:00]} 21. Rb1 {[%emt 0:05:37]} Qa2 {[%emt 0:00:16]} 22. Rbc1 {[%emt 0:00:17]} Kh8 {[%emt 0:00:20]} 23. R5c2 {[%emt 0:00:42]} Rxc6 {[%emt 0:00:17]} 24. Rxc6 {[%emt 0:00:06]} Rb8 {[%emt 0:00:42]} 25. R6c2 {[%emt 0:01:34]} Rb1 {[%emt 0:02:32]} 26. Rc8+ {[%emt 0:00:45]} Bxc8 {[%emt 0:00:06]} 27. Qxb1 {[%emt 0:00:04]} Qxb1 {[%emt 0:00:25]} 28. Rxb1 {[%emt 0:00:05]} Ba6 {[%emt 0:01:07]} 29. e3 {[%emt 0:00:22]} Bc4 {[%emt 0:01:27]} 30. Rb8+ {[%emt 0:00:06]} Kh7 {[%emt 0:00:03]} 31. Ra8 {[%emt 0:00:06]} 1-0

[Event "35th European Club Cup 2019"]
[Site "Ulcinj"]
[Date "2019.11.10"]
[Round "1.18"]
[White "Greenfeld, Alon"]
[Black "Krstonijevic, Stjepan"]
[Result "1-0"]
[WhiteElo "2513"]
[BlackElo "2106"]
[Annotator "ChessBase"]
[PlyCount "79"]
[EventDate "2019.11.10"]
[EventType "team-tourn"]
[EventCountry "MNE"]
[SourceTitle "playchess.com"]
[Source "ChessBase"]
[SourceQuality "1"]
[WhiteTeam "Beer Sheva"]
[BlackTeam "Rudar"]
[TimeControl "40/5400+30:1800+30"]

1. d4 {[%emt 0:00:27]} Nf6 {[%emt 0:00:01]} 2. Nf3 {[%emt 0:01:14]} e6 {[%emt 0:00:36]} 3. c4 d5 {[%emt 0:01:30]} 4. Nc3 {[%emt 0:02:51]} c6 {[%emt 0:03:35]} 5. e3 {[%emt 0:03:48]} Nbd7 {[%emt 0:00:20]} 6. Bd3 {[%emt 0:00:32]} dxc4 {[%emt 0:00:10]} 7. Bxc4 {[%emt 0:00:07]} b5 {[%emt 0:00:02]} 8. Bd3 {[%emt 0:02:08]} a6 {[%emt 0:00:09]} 9. e4 {[%emt 0:04:43]} c5 {[%emt 0:01:14]} 10. e5 {[%emt 0:04:17]} cxd4 {[%emt 0:02:46]} 11. Nxb5 {[%emt 0:00:24]} Nxe5 {[%emt 0:06:25]} 12. Nxe5 {[%emt 0:00:54]} axb5 {[%emt 0:00:10]} 13. Bxb5+ {[%emt 0:03:20]} Bd7 {[%emt 0:02:50]} 14. Nxd7 {[%emt 0:03:30]} Qa5+ {[%emt 0:02:18]} 15. Bd2 {[%emt 0:00:06]} Qxb5 {[%emt 0:00:52]} 16. Nxf6+ {[%emt 0:10:37]} gxf6 {[%emt 0:00:56]} 17. a4 {[%emt 0:00:12]} Qd3 {[%emt 0:51:06]} 18. Qe2 {[%emt 0:10:20]} Qxe2+ {[%emt 0:00:33]} 19. Kxe2 {[%emt 0:00:06]} Kd7 {[%emt 0:04:21]} 20. b4 {[%emt 0:04:25]} Bd6 {[%emt 0:00:24]} 21. Rhb1 {[%emt 0:07:22]} e5 {[%emt 0:01:57]} 22. b5 {[%emt 0:04:28]} e4 {[%emt 0:00:34]} 23. a5 {[%emt 0:00:29]} Rhb8 {[%emt 0:04:16]} 24. Ra4 {[%emt 0:05:40]} Be5 {[%emt 0:06:28]} 25. f4 {[%emt 0:01:25]} exf3+ {[%emt 0:00:23]} 26. gxf3 {[%emt 0:03:58]} f5 {[%emt 0:00:53]} 27. Kd3 {[%emt 0:02:11]} Ke6 {[%emt 0:03:38]} 28. b6 {[%emt 0:03:15]} Kd5 {[%emt 0:00:55]} 29. Rb5+ {[%emt 0:01:42]} Ke6 {[%emt 0:00:01]} 30. a6 {[%emt 0:00:59]} Bxh2 {[%emt 0:01:51]} 31. b7 {[%emt 0:03:20]} Ra7 {[%emt 0:00:14]} 32. Bb4 {[%emt 0:00:15]} Rd8 {[%emt 0:00:56]} 33. Bc5 {[%emt 0:01:18]} Bb8 {[%emt 0:01:50]} 34. Bxa7 {[%emt 0:00:40]} Bxa7 {[%emt 0:00:02]} 35. Rc4 {[%emt 0:00:42]} Rd6 {[%emt 0:01:10]} 36. Rc8 {[%emt 0:03:27]} Rxa6 {[%emt 0:00:22]} 37. Ra8 {[%emt 0:00:13]} Ra3+ {[%emt 0:00:07]} 38. Kc4 {[%emt 0:01:04]} d3 {[%emt 0:00:36]} 39. Rxa7 {[%emt 0:00:34]} d2 {[%emt 0:00:02]} 40. Rb6+ {[%emt 0:00:00] Kd5+} 1-0

[Event "35th European Club Cup 2019"]
[Site "Ulcinj"]
[Date "2019.11.10"]
[Round "1.19"]
[White "Adams, Michael"]
[Black "Skytte, Rasmus"]
[Result "1/2-1/2"]
[WhiteElo "2692"]
[BlackElo "2373"]
[Annotator "TA"]
[PlyCount "110"]
[EventDate "2019.11.10"]
[EventType "team-tourn"]
[EventCountry "MNE"]
[SourceTitle "playchess.com"]
[Source "ChessBase"]
[SourceQuality "1"]
[WhiteTeam "Padova"]
[BlackTeam "Aarhus Skolerne"]

{[%evp 24,110,47,47,48,49,47,47,47,47,47,50,47,19,18,30,3,6,100,18,89,97,167,18,18,13,20,9,2,0,10,0,0,-126,0,0,0,0,46,55,56,52,60,24,41,4,6,6,7,0,39,38,29,41,40,6,0,0,0,0,0,0,0,0,0,0,0,0,0,0,0,0,0,0,0,0,0,0,0,0,0,0,0,0,0,0,0,8,8]} 1. e4 c5 2. Nf3 e6 3. d4 cxd4 4. Nxd4 Nc6 5. Nc3 Qc7 6. g3 a6 7. Bg2 Nf6 8. O-O Nxd4 9. Qxd4 Bc5 10. Bf4 d6 11. Qd2 h6 12. Rad1 e5 13. Be3 Bb4 {B47: Sicilian: Taimanov: 5 Nc3 Qc7 6 f4, 6 g3 and 6 Be2} (13... Be6 14. Bxc5 dxc5 15. Nd5 Bxd5 16. exd5 O-O 17. d6 Qb6 18. c4 Rad8 19. Rfe1 Rfe8 20. Bh3 Nh7 21. f4 {1-0 (60) Vidit,S (2715)-Van Foreest,J (2629) Riadh 2017}) 14. Nb5 axb5 15. Qxb4 Rxa2 {White is slightly better.} 16. Rxd6 O-O 17. Rd2 Be6 18. Rfd1 Ng4 $146 ({Predecessor:} 18... Qc4 19. Qxc4 bxc4 20. c3 Rfa8 21. f3 {1-0 (49) Santos Latasa,J (2594)-Rahul,S (2414) Biel 2019}) 19. Bc5 Rc8 20. Be7 Qb6 (20... Ra4 $1 $11 21. Qd6 (21. Qxb5 Rd4 $11) 21... Rd4 22. Rxd4 exd4) 21. c3 (21. Bf1 $1 $16) 21... Rc4 (21... Ra4 $11 22. Qd6 Qxd6 23. Rxd6 b4) 22. Qd6 $16 Qa7 (22... Rc6 $16 {keeps fighting.} 23. Qd3 Bb3) 23. Bf1 (23. h3 $1 $18 {[%cal Rh3g4]} Nxf2 24. Rxf2 Rxb2 25. Rdd2 Rxd2 26. Qxd2) 23... Ra1 $1 $11 {[%cal Ra1d1]} 24. Rxa1 Qxa1 25. Qd3 Rc7 $1 $132 {[%cal Rc7d7][%mdl 2048] White must now prevent ...Rd7. Black puts up resistance} 26. Qd8+ Kh7 {aiming for ...Bc4!} 27. Ba3 (27. Qxc7 $2 {loses.} Bc4 $19) 27... Rc8 28. Qd6 {[#]} (28. Qd3 $11 {remains equal.}) 28... Rc6 ({Black should try} 28... Qe1 $1 $17 {[%mdl 512] ( -> ...Bc4)} 29. Kg2 Rc6) 29. Qd3 Bc4 30. Rd1 Bxd3 (30... Qxa3 $5 31. bxa3 Bxd3 32. Rxd3 Nf6 $11) 31. Rxa1 Bxe4 32. Re1 f5 33. Be2 {Hoping for Bxg4.} Nf6 34. f3 Bd5 35. Bxb5 Re6 $1 36. Kf2 g5 37. c4 Bc6 38. Bxc6 bxc6 {[%mdl 4096] Endgame KRB-KRN} 39. Bb4 g4 {The position is equal.} 40. Rd1 gxf3 41. Kxf3 Kg6 42. Rd8 Ne4 43. Rg8+ Kf7 44. Rc8 h5 45. Ke3 Kg6 46. Rc7 Nf6 47. h4 f4+ 48. Kf3 fxg3 49. Kxg3 Kf5 50. Kf3 Ng4 51. Rg7 {Threatens to win with Rg5+.} e4+ 52. Ke2 e3 53. Rg5+ Ke4 54. Rxh5 Ne5 {And now ...Nd3 would win.} 55. Bc5 Nxc4 {Accuracy: White = 48%, Black = 75%.} 1/2-1/2

[Event "35th European Club Cup 2019"]
[Site "Ulcinj"]
[Date "2019.11.10"]
[Round "1.20"]
[White "Sorensen, Jan"]
[Black "Vallejo Pons, Francisco"]
[Result "0-1"]
[WhiteElo "2395"]
[BlackElo "2694"]
[Annotator "TA"]
[PlyCount "96"]
[EventDate "2019.11.10"]
[EventType "team-tourn"]
[EventCountry "MNE"]
[SourceTitle "playchess.com"]
[Source "ChessBase"]
[SourceQuality "1"]
[WhiteTeam "Aarhus Skolerne"]
[BlackTeam "Padova"]

{[%evp 9,96,31,39,20,16,17,35,6,21,4,4,0,6,0,14,0,0,0,0,0,14,7,16,24,22,16,30,16,21,20,29,0,3,-10,0,0,39,35,46,-5,-7,0,0,-34,-22,-39,-28,-70,-28,-40,-30,-78,-31,-101,-91,-162,-153,-175,-180,-322,-316,-387,-354,-713,-361,-785,-409,-423,-412,-422,-372,-428,-420,-418,-389,-422,-423,-421,-409,-431,-424,-665,-676,-650,-644,-695,-663,-792,-747]} 1. e4 c5 2. Nf3 d6 3. Bb5+ Nd7 4. O-O Ngf6 5. Re1 a6 6. Bd3 {B51: Sicilian: Moscow Variation (3 Bb5+) without 3...Bd7} b5 $146 {[%cal Bb7b5,Bb5b4][%mdl 32]} (6... g6 7. c3 Bg7 8. Bc2 O-O 9. d4 e5 10. a4 Rb8 11. dxe5 Nxe5 12. Nxe5 dxe5 13. Qxd8 Rxd8 {½-½ (65) Amin,B (2707)-Artemiev,V (2761) Danzhou 2019}) 7. c4 Rb8 8. Nc3 {[%cal Rc4b5] White is slightly better.} b4 9. Nd5 e5 10. Bc2 Nxd5 11. exd5 {And now d4 would win.} Be7 12. a3 a5 $1 13. axb4 axb4 14. Qe2 O-O 15. d4 {[%cal Rd4e5]} Bf6 16. dxc5 Nxc5 17. Be3 {White wants to play Bxc5.} b3 18. Bb1 Qc7 19. Nd2 Bd8 20. Ra3 f5 21. Rc1 e4 22. Bd4 Rb4 23. Rc3 {[%cal Rd2b3]} Qb8 24. Qd1 (24. g4 $14) 24... Bf6 $11 25. Bxf6 Rxf6 26. g3 Bd7 27. Re3 Rf8 28. Kh1 Qb6 29. Qe2 Be8 30. Qd1 h6 31. Kg1 {[#]} (31. g4 $15) 31... Ba4 $1 $17 32. Qe2 {[#]} (32. Ra1 $17 {was necessary.}) 32... Qd8 $1 $19 33. f3 {[%cal Rf3e4]} Qf6 34. Nf1 (34. Rc3 {was the only defense.}) 34... Qd4 35. Qd2 Rxc4 36. f4 $2 (36. Qxd4 Rxd4 37. Kf2) 36... Rb8 37. Kf2 $2 (37. Qxd4 Rxd4 38. Re1) 37... Qxd2+ 38. Nxd2 Rd4 {[%mdl 64] Double Attack} 39. Ke1 Rxd5 {White must now prevent ...Rb4.} 40. Rc3 Rb4 {Threatens to win with ...Rbd4.} 41. Nc4 {If only White now had time for Ne3....} g6 42. Ne3 Rdd4 43. Rc1 Kf7 44. Nd1 Rdc4 {Black is clearly winning.} 45. Rxc4 (45. Rc3 $142) 45... Rxc4 46. Kd2 Rd4+ 47. Ke1 Ke6 48. Nc3 d5 {Accuracy: White = 35%, Black = 75%.} 0-1

[Event "35th European Club Cup 2019"]
[Site "Ulcinj"]
[Date "2019.11.10"]
[Round "1.21"]
[White "Jones, Gawain C B"]
[Black "Vinter-Schou, Uffe"]
[Result "1-0"]
[WhiteElo "2663"]
[BlackElo "2361"]
[Annotator "TA"]
[PlyCount "73"]
[EventDate "2019.11.10"]
[EventType "team-tourn"]
[EventCountry "MNE"]
[SourceTitle "playchess.com"]
[Source "ChessBase"]
[SourceQuality "1"]
[WhiteTeam "Padova"]
[BlackTeam "Aarhus Skolerne"]

{[%evp 23,121,46,52,22,24,6,43,35,60,43,108,109,109,120,92,105,141,134,127,133,133,141,136,132,134,124,120,104,137,63,54,54,82,66,66,47,143,141,142,140,187,186,247,243,426,441,436,395,494,478,623,621,613,568,626,543,588,578,545,324,545,512,442,434,431,404,381,336,226,0,0,0,0,0,0,0,0,0,0,0,0,0,0,0,0,0,5050,869,29962,29969,29971,29972,29981,29982,29989,29990,29990,29991,29996,0]} 1. e4 g6 2. d4 Bg7 3. Nc3 c6 4. h3 d5 5. Nf3 dxe4 6. Nxe4 Nd7 {[%cal Bb8d7,Bd7f6,Bf6e4][%mdl 32]} 7. Bd3 Ngf6 8. Nxf6+ Nxf6 9. O-O O-O 10. Re1 Bf5 11. Bxf5 gxf5 12. Bf4 e6 13. Qd2 $146 {B15: Caro-Kann: 3 Nc3: 3...g6 and 3...dxe4 4 Nxe4 Nf6 5 Nxf6+ exf6} ({Predecessor:} 13. c3 Qb6 14. Qc1 Ne4 15. Bh6 Qd8 16. Bxg7 Kxg7 17. Qf4 h6 18. h4 Kh7 19. Ne5 Nf6 20. g3 Qc7 {1-0 (47) Kengis,E (2534)-Serafimov,T (2405) Paris 2005}) 13... Ne4 14. Qe3 Qd5 15. c3 {White is slightly better.} Rfd8 16. Ng5 {[%cal Rg5e4]} c5 ({Black should try} 16... Nf6 $14) 17. Nxe4 $16 cxd4 18. Qg3 fxe4 19. Bg5 $1 {[%cal Rg5f6] Bf6! is the strong threat.} Qd6 20. Bxd8 Qxg3 21. fxg3 Rxd8 22. Rxe4 dxc3 23. bxc3 Bxc3 {[%mdl 4096] Endgame KRR-KRB} 24. Rc1 Rd3 25. a4 e5 26. Rc4 (26. Rg4+ $16 Kf8 27. Kf1) 26... Bd4+ $14 27. Kh2 e4 28. Rc8+ Kg7 29. Re8 Bf2 (29... e3 $1 $14) 30. Rxe4 $16 Bxg3+ 31. Kg1 h5 32. Re7 $1 Kg6 (32... Rd4 $142 33. Rf1 (33. Rxb7 Rxa4 34. Rf1 Kg6 $18) 33... Rxa4 34. Rfxf7+ Kg6) 33. Rxb7 $18 Be5 $2 (33... Bf4 {was worth a try.}) 34. Kf1 a5 35. Rb5 f6 36. Rxa5 Rd2 37. Ra8 {Played: Ra5xe5} 1-0

[Event "35th European Club Cup 2019"]
[Site "Ulcinj"]
[Date "2019.11.10"]
[Round "1.22"]
[White "Danin, Alexandre"]
[Black "Verkasalo, Tommi"]
[Result "1-0"]
[WhiteElo "2521"]
[BlackElo "2185"]
[Annotator "TA"]
[PlyCount "66"]
[EventDate "2019.11.10"]
[EventType "team-tourn"]
[EventCountry "MNE"]
[SourceTitle "playchess.com"]
[Source "ChessBase"]
[SourceQuality "1"]
[WhiteTeam "Feffernitz"]
[BlackTeam "Ninja"]

{[%evp 9,66,-26,0,-13,-9,-13,-6,-40,-35,-24,-26,-70,-63,-75,-88,-82,-46,-107,-100,-109,-102,-100,-74,-104,-70,-166,-164,-175,-169,-235,-191,-174,-183,-172,-184,-192,-209,-560,-525,-639,-633,-625,-591,-825,-812,-875,-873,-1132,-1128,-1107,-1095,-1476,-1411,-2289,-1737,-2264,-2154,-29982,-29983]} 1. d4 d5 2. c4 dxc4 3. Nc3 c5 4. dxc5 (4. d5 e6 5. e4 Nf6 6. Bxc4 a6 7. a4 exd5 8. Nxd5 Nxd5 9. Bxd5 Qc7 10. Nf3 Nc6 11. Ng5 Nd8 {1-0 (48) Lajthajm,B (2477)-Drenchev,P (2483) Paracin 2013}) 4... Qxd1+ 5. Nxd1 e6 6. e3 {D20: Queen's Gambit Accepted: 3 e3 and 3 e4} Bxc5 7. Bxc4 Nc6 {[%cal Bb8c6,Bc6e5,Be5d3][%mdl 32]} 8. Ne2 $146 {The position is equal.} ({Predecessor:} 8. a3 a6 9. b4 Ne5 10. Nb2 Nxc4 11. Nxc4 Be7 {½-½ (26) Cherpin,E-Melle,E Noordwijkerhout 1980}) 8... Nf6 9. Ndc3 a6 10. a3 Ne5 $36 {[%mdl 2048] Black is more active.} 11. Ba2 Nd3+ 12. Kf1 Ke7 13. b4 (13. Ng3 $15) 13... Ba7 $17 14. Bc4 Nxc1 15. Rxc1 b5 16. Bb3 Bb7 17. Na2 (17. Nxb5 $15 axb5 18. Rc7+ {[%mdl 64] Double Attack} Nd7 19. Rxb7) 17... Rac8 $19 18. Rxc8 Rxc8 ({Don't take} 18... Bxc8 19. Ng1 $17) 19. a4 (19. Ke1 {was worth a try.}) 19... Bd5 20. Bxd5 Nxd5 ({Much less strong is} 20... exd5 21. axb5 axb5 22. Nac3 $11) 21. axb5 axb5 22. g3 Rc2 23. Nec1 $2 {[#]} (23. Nac1) 23... Nc3 24. Kg2 {If White can now play Nxc3 this consolidates a bit.} Nxa2 25. Nxa2 Rxa2 {[%mdl 4096] Endgame KRB-KR} 26. Rc1 Bxe3 {[%mdl 64] [#] Double Attack} 27. Rc7+ Kf6 28. Rc3 Rxf2+ 29. Kh3 Bd4 30. Rd3 e5 31. g4 Rc2 32. Rf3+ Ke6 33. g5 Rc3 {[%mdl 32768] Accuracy: White = 13%, Black = 68%. . Loss on time!?} 1-0

[Event "35th European Club Cup 2019"]
[Site "Ulcinj"]
[Date "2019.11.10"]
[Round "1.22"]
[White "Sobjerg, Erik"]
[Black "Saric, Ivan"]
[Result "0-1"]
[WhiteElo "2289"]
[BlackElo "2650"]
[Annotator "TA"]
[PlyCount "54"]
[EventDate "2019.11.10"]
[EventType "team-tourn"]
[EventCountry "MNE"]
[SourceTitle "playchess.com"]
[Source "ChessBase"]
[SourceQuality "1"]
[WhiteTeam "Aarhus Skolerne"]
[BlackTeam "Padova"]

{[%evp 29,54,-70,-65,-79,-68,-134,-129,-168,-46,-51,-51,-58,-61,-53,-54,-56,-60,-132,-120,-196,-166,-827,-833,-833,-829,-783,-775]} 1. e4 c5 2. Nf3 d6 3. d4 cxd4 4. Nxd4 Nf6 5. Nc3 a6 6. Bc4 e6 7. O-O Be7 8. f4 b5 9. Bb3 b4 10. Na4 O-O 11. f5 e5 12. Ne2 Bb7 13. Ng3 Nbd7 14. Qf3 Bc6 15. Be3 Qc7 16. c4 {B87: Sicilian Scheveningen/Najdorf: 6 Bc4, with early ...b5} Qa5 $146 ({Predecessor:} 16... Rfc8 17. Bc2 Qa5 18. Qd1 Rab8 19. Rc1 Bd8 20. Kh1 h6 21. h3 Rb7 22. Re1 Nh7 23. Nh5 Ndf6 {0-1 (45) Mueller,K (2470)-Hoffmann,M (2470) Germany 1994}) 17. a3 ({Better is} 17. Qd1 $15) 17... Rfb8 $17 18. Bd2 {[#]Black is better.} Bxa4 (18... d5 $1 $19 {[%cal Rd5c4] And now ...dxc4 would win.} 19. axb4 Bxb4 20. cxd5 Bxa4) 19. axb4 $15 Qb6+ 20. Be3 Qxb4 21. Bxa4 Nb6 $36 {[%cal Bd7b6,Bb6c4,Bc4e3][%mdl 2080] Black has the initiative.} 22. Bc6 Ra7 $1 23. b3 (23. Bb5 $15) 23... Rc7 $17 24. Rfd1 {[#]} (24. Ba4 $17 {was called for.}) 24... Nxc4 $1 $19 ({Not} 24... Rxc6 25. Bd2 $11) ({Resist} 24... Qxb3 25. Rdb1 $15) 25. Rxa6 $2 (25. Bg5) 25... Nxe3 {Black is clearly winning.} 26. Qxe3 Ng4 27. Qc1 {[#]} Ra7 $1 {[%mdl 512] Accuracy: White = 23%, Black = 65%.} 0-1

[Event "35th European Club Cup 2019"]
[Site "Ulcinj"]
[Date "2019.11.10"]
[Round "1.23"]
[White "Vocaturo, Daniele"]
[Black "Sogaard, Soren"]
[Result "1-0"]
[WhiteElo "2615"]
[BlackElo "2248"]
[Annotator "TA"]
[PlyCount "85"]
[EventDate "2019.11.10"]
[EventType "team-tourn"]
[EventCountry "MNE"]
[SourceTitle "playchess.com"]
[Source "ChessBase"]
[SourceQuality "1"]
[WhiteTeam "Padova"]
[BlackTeam "Aarhus Skolerne"]

{[%evp 9,85,54,58,45,39,38,27,25,35,47,57,50,63,60,61,60,92,104,91,80,105,0,0,0,-6,0,0,0,0,-54,28,0,75,30,37,0,21,12,11,0,16,0,39,20,48,49,44,23,13,14,13,-13,0,0,0,0,0,0,7,5,145,137,156,156,154,154,169,169,791,2258,1232,1200,818,743,2714,1879,2331,1833]} 1. e4 d5 2. exd5 Qxd5 3. Nc3 Qd6 4. d4 c6 5. Be3 (5. Nf3 Bg4 6. Be3 Nf6 7. h3 Bh5 8. g4 Bg6 9. Bg2 Nbd7 10. Nh4 e6 11. Qe2 Be7 12. O-O O-O 13. Nxg6 hxg6 {½-½ (45) Jones,G (2646)-Tiviakov,S (2569) Bunratty 2018}) 5... Nf6 6. Qd2 {B01: Scandinavian Defence} Bf5 7. Nge2 e6 8. f3 {White has an edge.} Nbd7 9. g4 $146 ({Predecessor:} 9. O-O-O Nb6 10. Ng3 Bg6 11. Nce4 Qd5 12. Nxf6+ gxf6 {1-0 (57) Liedtke,M (2347)-Matthey,H (2253) Germany 2009}) 9... Bg6 10. Nf4 e5 11. Nxg6 hxg6 12. O-O-O Be7 13. g5 Nh5 14. Ne4 Qe6 {[#]} 15. c4 (15. Kb1 $1 $16) 15... exd4 $1 $11 16. Bxd4 Rd8 17. Qc3 O-O 18. h4 c5 19. Be3 ({Better is} 19. Bh3 $11 cxd4 20. Bxe6 dxc3 21. Bxd7) 19... Qc6 (19... Ne5 $15 20. Be2 Qf5) 20. Bh3 b5 (20... Qc7 $11) 21. cxb5 (21. Qa5 $5 {[%cal Ra5a7]} Ne5 22. cxb5 $14) 21... Qxb5 22. Rh2 Nb6 23. Rhd2 (23. Nxc5 $2 Rxd1+ 24. Kxd1 Nd5 $19) 23... Rxd2 24. Rxd2 (24. Kxd2 $2 {perishes.} Rd8+ 25. Ke1 Rxd1+ 26. Kxd1 Nd5 $19) 24... c4 25. Rd1 Qa4 {And now ...Bb4 would win.} 26. a3 Qb5 27. Bxb6 Qxb6 28. Kb1 Rd8 29. Rxd8+ Qxd8 30. Nd2 Bc5 31. Bf1 Bd4 32. Qc2 $1 c3 $1 {[%cal Rc3d2]} 33. bxc3 Be5 34. Bc4 Qa5 (34... Nf4 $11) 35. Qxg6 $1 $40 {[%mdl 192] [#] Double Attack. Black is in trouble.} Qb6+ 36. Qxb6 axb6 {[%mdl 4096] Endgame KBN-KBN} 37. g6 Bxc3 38. Ne4 ({Don't play} 38. gxf7+ $6 Kf8 $14) 38... Bf6 $2 (38... Be1 39. Ng5 (39. Bxf7+ Kf8 $16) 39... Nf6 40. Bxf7+ Kh8) 39. gxf7+ $18 {White is clearly winning.} Kf8 40. Ng5 Bxg5 41. hxg5 g6 42. Kc2 Nf4 43. Kc3 {Accuracy: White = 67%, Black = 43%.} 1-0